Biggest African Cities by Letter - W - Statistics

General Stats
  • This quiz has been taken 145 times
    104 since last reset
  • The average score is 3 of 9
Answer Stats
Pop Country Hint City % Correct
486,169 Namibia Capital city Windhoek
99%
211,014 South Africa "Welcome" in Afrikaans Welkom
52%
910,000 Nigeria Petroleum port Warri
48%
102,704 Namibia Former costal exclave Walvis Bay
47%
118,331 South Sudan 3rd largest city Wau
39%
289,482 Sudan Al Jazirah capital Wad Madanī
17%
311,657 South Africa Known as eMalahleni Witbank
17%
97,075 South Africa Breede River Valley Worcester
10%
104,000 Ethiopia North Wollo capital Weldiya
4%
No matching quizzes found
Score Distribution
Percent of People with Each Score
Percentile by Number Answered
Your Score History
You have not taken this quiz since the last reset